Ťahať spoločne za jeden povraz V košickej štvorke podpísali kolektívnu zmluvu

Bibliographic Details
Main Author: (bl) (Author)
Corporate Author: Dopravný závod 1004 ČSAD, Košice (Author)
Format: Article
Language:Slovak
Subjects:

MARC

LEADER 00000nab a2200000 a 4500
001 vtls000916514
003 SK-MaSNL
005 20260302173549.0
008 190318e19920605xo 0 slo
035 |a KE25395 
040 |a KEVKJB  |b slo  |c KEVKJB  |e AACR2 
041 0 |a slo 
044 |a xo  |c SK 
080 |a 656.13  |2 1981 
080 |a 331.881  |2 1981 
100 0 |a (bl)  |4 aut  |9 332369 
245 1 0 |a Ťahať spoločne za jeden povraz  |b V košickej štvorke podpísali kolektívnu zmluvu 
610 2 7 |a ČSAD (Košice, Slovensko).  |b Dopravný závod 1004  |2 KEVKJB  |9 257511 
650 0 7 |a odbory  |2 KEVKJB  |9 2328 
650 0 7 |a činnosť  |2 KEVKJB  |9 282874 
651 7 |a Košice (Slovensko)  |2 KEVKJB  |9 18694 
651 7 |a KE,  |2 KEVKJB  |9 877256 
655 7 |a periodikum  |2 snkbucl  |9 29553 
710 2 |a Dopravný závod 1004 ČSAD, Košice  |4 aut  |9 881622 
773 0 8 |t Vsl. dopravár  |g Roč. 28  |g Roč. 20, č.13, 5.6.1992, s. 2 
852 |a ZVYKNI  |b KIS3GCP 
999 |c 1401821  |d 1403751